000 00782nam a22002057a 4500
999 _c58122
_d58122
005 20210621133056.0
008 210621s2014 enk||||| |||| 00| 0 eng d
020 _a9781292022581
041 _aeng
080 _a376 E-97
245 _aExceptional Learners :
_bAn introduction to special education Hallahan Kauffman Pullen /
250 _aTwelfth eition
264 _aHarlow :
_bPearson,
_c2014.
300 _a544 p.
_b30 cm.
653 _aგანსაკუთრებული მოსწავლეების სწავლა განათლება
653 _aРабота и преподавание с исключительными учениками
653 _aპედაგოგიკა
653 _aПедагогика
942 _2udc
_cBK